Normal view
MARC view
- جبران،محمد مسعود تحقيق ودراسة
Entry Personal Name
001 - CONTROL NUMBER
- control field: 16898
003 - CONTROL NUMBER IDENTIFIER
- control field: JO-AjAnu
005 - DATE AND TIME OF LATEST TRANSACTION
- control field: 20230606073008.0
008 - FIXED-LENGTH DATA ELEMENTS
- fixed length control field: 230606|| aca||aabn | a|a d
040 ## - CATALOGING SOURCE
- Original cataloging agency: JO-AjAnu
- Transcribing agency: JO-AjAnu
100 ## - HEADING--PERSONAL NAME
- Personal name: جبران،محمد مسعود تحقيق ودراسة
670 ## - SOURCE DATA FOUND
- Source citation: Work cat.: (JO-AjAnu)8677: جبران،محمد مسعود تحقيق ودراسة, author, الجوالات من الشعر مالك بن المرحل الأندلسي 604هـ - 699هـ